El estado de activo y pasivo financiero (Registro nro. 2150)

Detalles MARC
000 -LEADER
fixed length control field 00876 a2200229 4500
001 - CONTROL NUMBER
control field 30968
005 - DATE AND TIME OF LATEST TRANSACTION
control field 20260407155618.0
008 - FIXED-LENGTH DATA ELEMENTS--GENERAL INFORMATION
fixed length control field 260407a1975 arg spa d
003 - CONTROL NUMBER IDENTIFIER
control field AR-UNSa-BCEJYS
040 ## - CATALOGING SOURCE
Original cataloging agency AR-UNSa-BCEJYS
Language of cataloging spa
Transcribing agency AR-UNSa-BCEJYS
080 ## - UNIVERSAL DECIMAL CLASSIFICATION NUMBER
Universal Decimal Classification number 657.31
Common auxiliary subdivision Presupuestos. Previsiones. Planes financieros. Estado de flujo de efectivo
100 1# - MAIN ENTRY--PERSONAL NAME
Personal name Cesario, Miguel V.
245 10 - TITLE STATEMENT
Title El estado de activo y pasivo financiero
264 #1 - PRODUCTION, PUBLICATION, DISTRIBUTION, MANUFACTURE, AND COPYRIGHT NOTICE
Place of production, publication, distribution, manufacture Buenos Aires :
Name of producer, publisher, distributor, manufacturer Depalma
Date of production, publication, distribution, manufacture, or copyright notice 1975
300 ## - PHYSICAL DESCRIPTION
Extent 82 p.
Dimensions 22 cm.
505 ## - FORMATTED CONTENTS NOTE
Formatted contents note 1. Antecedentes legales - 2. Normas dictadas por la Contaduría General de la Nación - 3. Encuadre técnico - 4. Análisis técnico - 5. Consideraciones finales - 6. Casos prácticos
590 ## - LOCAL NOTE (RLIN)
Local note niveau_biblio:m niveau_hierar:0
700 1# - ADDED ENTRY--PERSONAL NAME
Personal name Espino, Rubén H.
700 1# - ADDED ENTRY--PERSONAL NAME
Personal name Martinelli Massa, Jesús J.
700 1# - ADDED ENTRY--PERSONAL NAME
Personal name Russo, Juan A.
942 ## - ADDED ENTRY ELEMENTS (KOHA)
Koha item type
Existencias
Withdrawn status Lost status Damaged status Not for loan Home library Current library Shelving location Date acquired Total checkouts Full call number Barcode Date last seen Price effective from Koha item type
        Biblioteca Prof. Eusebio Cleto del Rey Biblioteca Prof. Eusebio Cleto del Rey   07/04/2026   657.31 C421 L00657 07/04/2026 07/04/2026 Libro
        Biblioteca Prof. Eusebio Cleto del Rey Biblioteca Prof. Eusebio Cleto del Rey   07/04/2026   657.31 C421 L13451 07/04/2026 07/04/2026 Libro
        Biblioteca Prof. Eusebio Cleto del Rey Biblioteca Prof. Eusebio Cleto del Rey   07/04/2026   657.31 C421 L13450 07/04/2026 07/04/2026 Libro